Avant-propos (notice n° 1589172)

détails MARC
000 -LEADER
fixed length control field 01452cam a2200181 4500500
005 - DATE AND TIME OF LATEST TRANSACTION
control field 20251228064058.0
041 ## - LANGUAGE CODE
Language code of text/sound track or separate title fre
042 ## - AUTHENTICATION CODE
Authentication code dc
100 10 - MAIN ENTRY--PERSONAL NAME
Personal name Jolivet, Annie
Relator term author
245 00 - TITLE STATEMENT
Title Avant-propos
260 ## - PUBLICATION, DISTRIBUTION, ETC.
Date of publication, distribution, etc. 2002.<br/>
500 ## - GENERAL NOTE
General note 100
520 ## - SUMMARY, ETC.
Summary, etc. En temps de guerre la propagande n’est pas le seul fait des dictatures. Sous le couvert d’« information » ou « communication » les régimes dits démocratiques la pratiquent également. Les principes classiques de la propagande servent de base à cette « communication » qu’on peut retrouver dans les récits médiatiques en faveur de la guerre et les communiqués gouvernementaux qui poussent l’opinion publique à soutenir un conflit qui, à l’origine, ne l’enthousiasmait pas forcément.
520 ## - SUMMARY, ETC.
Summary, etc. In times of war propaganda is not only used by dictatorships. Under the cover of ‘information’ or ‘communication’, so-called democratic regimes also practice it. The classic principles of propaganda are the basis for this ‘communication’, which can be found in media’s pro-war narratives and in government communiqués that push public opinion to support a conflict that it was not necessarily enthusiastic about.
700 10 - ADDED ENTRY--PERSONAL NAME
Personal name Rozenkier, Alain
Relator term author
786 0# - DATA SOURCE ENTRY
Note Retraite et société | 36 | 2 | 2002-06-01 | p. 4-7 | 1167-4687
856 41 - ELECTRONIC LOCATION AND ACCESS
Uniform Resource Identifier <a href="https://shs.cairn.info/revue-retraite-et-societe1-2002-2-page-4?lang=fr&redirect-ssocas=7080">https://shs.cairn.info/revue-retraite-et-societe1-2002-2-page-4?lang=fr&redirect-ssocas=7080</a>

Pas d'exemplaire disponible.

PLUDOC

PLUDOC est la plateforme unique et centralisée de gestion des bibliothèques physiques et numériques de Guinée administré par le CEDUST. Elle est la plus grande base de données de ressources documentaires pour les Étudiants, Enseignants chercheurs et Chercheurs de Guinée.

Adresse

627 919 101/664 919 101

25 boulevard du commerce
Kaloum, Conakry, Guinée

Réseaux sociaux

Powered by Netsen Group @ 2025